00407nam a2200169 a 45000010005000000030009000050080041000140400028000550820018000831000019001012450024001202500007001442600036001513000009001874900022001966500019002181873CO-ViMGA141112s2004 ck r 000 u spa d aCO-ViMGAbspacCO-ViMGA04a833.912 H377e1 aHesse, Hermann10aEscrito en la arena a2a aMadrid : bVisor libros, c1985 a90 p aVisor de poesía14aPOESIA ALEMANA